Hướng dẫn thực hiện chuẩn kiến thức, kỹ năng các môn học ở tiểu học lớp 2
v.v...
Đã lưu trong:
| Tác giả chính: | |
|---|---|
| Định dạng: | Sách |
| Năm xuất bản: |
H.
Giáo dục
2009
|
| Chủ đề: | |
| Tags: |
Thêm thẻ
Không có thẻ, Hãy là người đầu tiên gắn thẻ bản ghi này!
|
| LEADER | 02065nam a2200289 4500 | ||
|---|---|---|---|
| 999 | |c 11079 |d 11079 | ||
| 082 | |a 372 |b H561d. | ||
| 100 | |a Bộ GD & ĐT | ||
| 245 | |a Hướng dẫn thực hiện chuẩn kiến thức, kỹ năng các môn học ở tiểu học lớp 2 |c Bộ GD & ĐT | ||
| 260 | |a H. |b Giáo dục |c 2009 | ||
| 300 | |a 199 tr. |c 24 cm. | ||
| 520 | |a v.v... | ||
| 653 | |a Giáo dục tiểu học | ||
| 653 | |a Lớp 2 | ||
| 653 | |a Kiến thức | ||
| 653 | |a Kĩ năng | ||
| 942 | |2 ddc |c STK0 | ||
| 952 | |0 0 |1 0 |2 ddc |4 0 |6 372_000000000000000_H561D |7 0 |8 300 |9 95438 |a qbu |b qbu |c D2 |d 2015-09-29 |g 15000 |o 372 H561d. |p 10851.c1 |r 0000-00-00 |w 2015-09-29 |y STK0 | ||
| 952 | |0 0 |1 0 |2 ddc |4 0 |6 372_000000000000000_H561D |7 0 |8 300 |9 95439 |a qbu |b qbu |c D2 |d 2015-09-29 |g 15000 |o 372 H561d. |p 10851.c2 |r 0000-00-00 |w 2015-09-29 |y STK0 | ||
| 952 | |0 0 |1 0 |2 ddc |4 0 |6 372_000000000000000_H561D |7 0 |8 300 |9 95440 |a qbu |b qbu |c D2 |d 2015-09-29 |g 15000 |o 372 H561d. |p 10851.c3 |r 0000-00-00 |w 2015-09-29 |y STK0 | ||
| 952 | |0 0 |1 0 |2 ddc |4 0 |6 372_000000000000000_H561D |7 0 |8 300 |9 95441 |a qbu |b qbu |c D2 |d 2015-09-29 |g 15000 |o 372 H561d. |p 10851.c4 |r 0000-00-00 |w 2015-09-29 |y STK0 | ||
| 952 | |0 0 |1 0 |2 ddc |4 0 |6 372_000000000000000_H561D |7 0 |8 300 |9 95442 |a qbu |b qbu |c D2 |d 2015-09-29 |g 15000 |o 372 H561d. |p 10851.c5 |r 0000-00-00 |w 2015-09-29 |y STK0 | ||
| 952 | |0 0 |1 0 |2 ddc |4 0 |6 372_000000000000000_H561D |7 0 |8 300 |9 95443 |a qbu |b qbu |c D2 |d 2015-09-29 |g 15000 |o 372 H561d. |p 10851.c6 |r 0000-00-00 |w 2015-09-29 |y STK0 | ||
| 952 | |0 0 |1 0 |2 ddc |4 0 |6 372_000000000000000_H561D |7 0 |8 300 |9 95444 |a qbu |b qbu |c D2 |d 2015-09-29 |g 15000 |o 372 H561d. |p 10851.c7 |r 0000-00-00 |w 2015-09-29 |y STK0 | ||
| 952 | |0 0 |1 0 |2 ddc |4 0 |6 372_000000000000000_H561D |7 0 |8 300 |9 95445 |a qbu |b qbu |c D2 |d 2015-09-29 |g 15000 |o 372 H561d. |p 10851.c8 |r 0000-00-00 |w 2015-09-29 |y STK0 | ||
| 952 | |0 0 |1 0 |2 ddc |4 0 |6 372_000000000000000_H561D |7 0 |8 300 |9 95446 |a qbu |b qbu |c D2 |d 2015-09-29 |g 15000 |o 372 H561d. |p 10851.c9 |r 0000-00-00 |w 2015-09-29 |y STK0 | ||
| 952 | |0 0 |1 0 |2 ddc |4 0 |6 372_000000000000000_H561D |7 0 |8 300 |9 95447 |a qbu |b qbu |c D2 |d 2015-09-29 |g 15000 |l 1 |o 372 H561d. |p 10851.c10 |r 2018-09-24 |s 2018-09-10 |w 2015-09-29 |y STK0 | ||